名前に「沼」がつく駅 - Statistics

General Stats
  • This quiz has been taken 93 times
  • The average score is 26 of 51
Answer Stats
Hint Answer % Correct
東海道本線御殿場線 沼津
89%
東北新幹線いわて銀河鉄道線 いわて沼宮内
85%
上越線 沼田
84%
総武本線 津田沼
84%
京成本線京成千葉線 京成松戸線 京成津田沼
84%
函館本線 大沼
82%
東北本線常磐線 岩沼
82%
函館本線 大沼公園
79%
日光線 鹿沼
79%
西武新宿線 沼袋
74%
東武日光線 新鹿沼
70%
京成松戸線 新津田沼
70%
小田急江ノ島線 鵠沼海岸
70%
江ノ島電鉄線 鵠沼
70%
京王線 長沼
69%
東急多摩川線 沼部
69%
静岡鉄道静岡清水線 長沼
69%
高山本線 鵜沼
67%
名鉄犬山線名鉄各務原線 新鵜沼
67%
室蘭本線千歳線 沼ノ端
64%
小田急江ノ島線 本鵠沼
64%
南武線 稲城長沼
62%
留萌本線 石狩沼田
61%
東急田園都市線 鷺沼
61%
日暮里・舎人ライナー 見沼代親水公園
57%
東急池上線 蓮沼
52%
都営三田線 本蓮沼
49%
東武日光線 北鹿沼
46%
東武佐野線 田沼
44%
相鉄本線 平沼橋
44%
名鉄各務原線 鵜沼宿
44%
鹿島臨海鉄道線 涸沼
34%
ニューシャトル 沼南
34%
東北本線 品井沼
33%
宗谷本線 兜沼
31%
中央本線 勝沼ぶどう郷
31%
北越急行ほくほく線 魚沼丘陵
31%
函館本線 豊沼
30%
明智鉄道線 飯沼
26%
只見線 魚沼田中
25%
宗谷本線 下沼
23%
身延線 沼久保
23%
函館本線 渡島沼尻
21%
わたらせ渓谷鉄道線 水沼
20%
伊豆箱根鉄道大雄山線 相模沼田
20%
釧網本線 茅沼
18%
只見線 会津水沼
18%
大船渡線 気仙沼
16%
米坂線 羽前沼沢
16%
飯山線 魚沼中条
16%
小海線 青沼
15%
No matching quizzes found
Score Distribution
Percent of People with Each Score
Percentile by Number Answered
Your Score History
You have not taken this quiz